Richmond-upon-Thames LBC - SoS Environment and Richmond -upon-Thames Churches Housing Trust (Record no. 66087)

MARC details
000 -LEADER
fixed length control field 01038cam a2200193 4500
001 - CONTROL NUMBER
control field X110858
008 - FIXED-LENGTH DATA ELEMENTS--GENERAL INFORMATION
fixed length control field 000000n2001 000 0 eng u
035 ## - SYSTEM CONTROL NUMBER
System control number (Sirsi) u110858
245 ## - TITLE STATEMENT
Title Richmond-upon-Thames LBC - SoS Environment and Richmond -upon-Thames Churches Housing Trust
260 ## - PUBLICATION, DISTRIBUTION, ETC.
Date of publication, distribution, etc. 2001
490 ## - SERIES STATEMENT
Series statement Journal of Planning and Environment Law
Volume/sequential designation [2001] JPL 84-105(22)
520 ## - SUMMARY, ETC.
Summary, etc. QBD 28 March 2000. House used as seven flats. Application for certificate that use of the property as a single family dwelling-house would be lawful- material change of use-Town and Country Planning Act 1990 s55(2)(f)- Town and Country Planning Act (Use Classes) Order 1987 - Part C3 to the Schedule to the Use Classes Order
650 ## - SUBJECT ADDED ENTRY--TOPICAL TERM
Topical term or geographic name entry element RICHMOND LBC V SOS ENVIRONMENT AND RICHMOND UPON THAMES CHURCHES HOUSING TRUST
650 ## - SUBJECT ADDED ENTRY--TOPICAL TERM
Topical term or geographic name entry element MATERIAL CHANGE OF USE
650 ## - SUBJECT ADDED ENTRY--TOPICAL TERM
Topical term or geographic name entry element TOWN AND COUNTRY PLANNING ACT 1990 S55(2)(F)
650 ## - SUBJECT ADDED ENTRY--TOPICAL TERM
Topical term or geographic name entry element TOWN AND COUNTRY PLANNING (USE CLASSES) ORDER 1987
690 ## - LOCAL SUBJECT ADDED ENTRY--TOPICAL TERM (OCLC, RLIN)
Topical term or geographic name as entry element Planning and development
9 (RLIN) 6259
942 ## - ADDED ENTRY ELEMENTS (KOHA)
Suppress in OPAC 0

No items available.